书目信息 |
| 题名: |
合成氨催化剂手册
|
|
| 作者: | ;南京化工研究院 译 | |
| 分册: | ||
| 出版信息: | 北京 石油化学工业出版社 1974 |
|
| 页数: | 234页 | |
| 开本: | 20cm | |
| 丛书名: | ||
| 单 册: | ||
| 中图分类: | TQ113.2 | |
| 科图分类: | ||
| 主题词: | 合成氨生产-催化剂--手册 , 催化剂-合成氨生产--手册 | |
| 电子资源: | ||
| ISBN: | ||
| 000 | 00720nam0 2200241 45 | |
| 001 | 0177002896 | |
| 005 | 20060420160422.76 | |
| 010 | @dCNY0.96 | |
| 091 | @a15063.2001 | |
| 100 | @a19951015d1974 em y0chiy0121 ea | |
| 101 | 1 | @achi |
| 102 | @aCN@b110000 | |
| 105 | @ay z 000yy | |
| 200 | 10 | @a合成氨催化剂手册@Ahe cheng an cui hua ji shou ce@f南京化工研究院译@Fnan jing hua gong yan jiu yuan yi |
| 210 | @a北京@c石油化学工业出版社@d1974 | |
| 215 | @a234页@d20cm | |
| 606 | @a合成氨生产-催化剂@x手册 | |
| 606 | @a催化剂-合成氨生产@x手册 | |
| 690 | @aTQ113.2@v3 | |
| 711 | 0 | @a南京化工研究院@Anan jing hua gong yan jiu yuan@4译 |
| 801 | 2 | @aCN@bNLC@c20060420 |
| 801 | 0 | @aCN@bTSSF |
| 905 | @a10447@dTQ113.2@e3 | |
| 合成氨催化剂手册/南京化工研究院译.-北京:石油化学工业出版社,1974 |
| 234页;20cm |
| ISBN :CNY0.96 |
| ● |
| 相关链接 |
|
|
|
|
正题名:合成氨催化剂手册
索取号:TQ113.2/3
 
预约/预借
| 序号 | 登录号 | 条形码 | 馆藏地/架位号 | 状态 | 备注 |
| 1 | 0016790 | 202277348 | 密集书库/ [索取号:TQ113.2/3] | 在馆 |